<?xml version="1.0" encoding="UTF-8"?><?xml-stylesheet type="text/xsl" href="static/style.xsl"?><OAI-PMH xmlns="http://www.openarchives.org/OAI/2.0/" xmlns:xsi="http://www.w3.org/2001/XMLSchema-instance" xsi:schemaLocation="http://www.openarchives.org/OAI/2.0/ http://www.openarchives.org/OAI/2.0/OAI-PMH.xsd"><responseDate>2026-06-29T02:13:49Z</responseDate><request verb="GetRecord" identifier="oai:docta.ucm.es:20.500.14352/11854" metadataPrefix="marc">https://docta.ucm.es/rest/oai/request</request><GetRecord><record><header><identifier>oai:docta.ucm.es:20.500.14352/11854</identifier><datestamp>2025-07-10T12:05:53Z</datestamp><setSpec>com_20.500.14352_14</setSpec><setSpec>col_20.500.14352_17</setSpec></header><metadata><record xmlns="http://www.loc.gov/MARC21/slim" xmlns:dcterms="http://purl.org/dc/terms/" xmlns:xsi="http://www.w3.org/2001/XMLSchema-instance" xmlns:doc="http://www.lyncode.com/xoai" xsi:schemaLocation="http://www.loc.gov/MARC21/slim http://www.loc.gov/standards/marcxml/schema/MARC21slim.xsd">
   <leader>00925njm 22002777a 4500</leader>
   <datafield ind2=" " ind1=" " tag="042">
      <subfield code="a">dc</subfield>
   </datafield>
   <datafield ind2=" " ind1=" " tag="720">
      <subfield code="a">Conde Pérez, Elena</subfield>
      <subfield code="e">author</subfield>
   </datafield>
   <datafield ind2=" " ind1=" " tag="720">
      <subfield code="a">Fernández Steinko, Armando</subfield>
      <subfield code="e">author</subfield>
   </datafield>
   <datafield ind2=" " ind1=" " tag="720">
      <subfield code="a">Sánchez Avilés, Constanza</subfield>
      <subfield code="e">author</subfield>
   </datafield>
   <datafield ind2=" " ind1=" " tag="720">
      <subfield code="a">Martínez Guerra, Amparo</subfield>
      <subfield code="e">author</subfield>
   </datafield>
   <datafield ind2=" " ind1=" " tag="720">
      <subfield code="a">Costas Trascasas, Milena</subfield>
      <subfield code="e">author</subfield>
   </datafield>
   <datafield ind2=" " ind1=" " tag="720">
      <subfield code="a">Manjón-Cabeza Olmeda, Araceli</subfield>
      <subfield code="e">author</subfield>
   </datafield>
   <datafield ind2=" " ind1=" " tag="720">
      <subfield code="a">Sánchez Tomás, José Miguel</subfield>
      <subfield code="e">author</subfield>
   </datafield>
   <datafield ind2=" " ind1=" " tag="720">
      <subfield code="a">Rosti, Marzia Anna</subfield>
      <subfield code="e">author</subfield>
   </datafield>
   <datafield ind2=" " ind1=" " tag="720">
      <subfield code="a">Vitale Marino, Augusto</subfield>
      <subfield code="e">author</subfield>
   </datafield>
   <datafield ind2=" " ind1=" " tag="720">
      <subfield code="a">Restrepo Parra, Adrián</subfield>
      <subfield code="e">author</subfield>
   </datafield>
   <datafield ind2=" " ind1=" " tag="260">
      <subfield code="c">2020</subfield>
   </datafield>
   <datafield ind2=" " ind1=" " tag="520">
      <subfield code="a">El conjunto de ensayos que componen este Occasional Paper del ICEI es el resultado de la reflexión final de la mayoría de los integrantes del Proyecto I+D+i DER2016-74872-R. Fiscalización internacional de las drogas: problemas y soluciones (AEI/ FEDER, UE). https://www.ucm.es/catedradrogas21/fiscalizacion-internacional-de-drogas-problemas-y-soluciones-der-201674872-r-programa-retos-ministerio-de-economia-y-competitividad
El Proyecto de investigación I+D+i DER2016-74872-R. Fiscalización internacional de las drogas: problemas y soluciones (AEI/ FEDER, UE), ha partido de la premisa general de que el régimen jurídico internacional en materia de drogas –regulado por tres convenios concluidos en el seno de las Naciones Unidas en 1961, 1971 y 1988- no es el adecuado pues, aparte de que existen cada vez más drogas y más baratas, los efectos negativos del régimen de su fiscalización y represión, son enormes. Por todo ello, los miembros del grupo de investigación, bajo el liderazgo de la Profesora Manjón-Cabeza, parten de la creencia en la necesidad de un cambio de paradigma en la política de drogas que i) sustituya la prohibición/represión por la regulación/control estatal, ii) tenga en cuenta tres enfoques fundamentales ignorados por el actual régimen, que son el enfoque de derechos humanos, el enfoque de salud pública y el enfoque de evidencia científica. Para poner en marcha ese nuevo paradigma, urge una base científica que pueda orientar los cambios.</subfield>
   </datafield>
   <datafield ind1="8" ind2=" " tag="024">
      <subfield code="a">2530-0849</subfield>
   </datafield>
   <datafield ind1="8" ind2=" " tag="024">
      <subfield code="a">https://hdl.handle.net/20.500.14352/11854</subfield>
   </datafield>
   <datafield ind1="8" ind2=" " tag="024">
      <subfield code="a">https://www.ucm.es/icei/file/op0420</subfield>
   </datafield>
   <datafield ind1="8" ind2=" " tag="024">
      <subfield code="a">https://www.ucm.es/icei</subfield>
   </datafield>
   <datafield ind2="0" ind1="0" tag="245">
      <subfield code="a">Ensayos para un nuevo paradigma en la política de drogas</subfield>
   </datafield>
</record></metadata></record></GetRecord></OAI-PMH>